Normal view
MARC view
Entry Topical Term
001 - CONTROL NUMBER
- control field: 23849
003 - CONTROL NUMBER IDENTIFIER
- control field: OSt
005 - DATE AND TIME OF LATEST TRANSACTION
- control field: 20230516094910.0
008 - FIXED-LENGTH DATA ELEMENTS
- fixed length control field: 230516|| aca||aabn | a|a d
040 ## - CATALOGING SOURCE
- Original cataloging agency: OSt
- Transcribing agency: OSt
150 ## - HEADING--TOPICAL TERM
- Topical term or geographic name entry element: ပဌာန်း။
670 ## - SOURCE DATA FOUND
- Source citation: Work cat.: (OSt): မြင့်ဆွေ၊ ဦး။ 5960, ရုပ်နာမ်ဓမ္မ သင်္ခါရတရားတို့၏ဖြစ်စဉ်ကို နည်းမျိုးစုံဖြင့် ရှင်းလင်းထားသော ပဌာန်းမဟာ /, ၁၉၇၉။